[Event "Orsay Blitz op"]
[Site "Europe Echecs INT"]
[Date "2023.09.17"]
[Round "9"]
[White "Blachon, Pascal"]
[Black "Brulhard, Cedric"]
[Result "1-0"]
[WhiteElo "1994"]
[BlackElo "1349"]
[PlyCount "111"]
[EventDate "2023.09.17"]
[EventType "swiss (blitz)"]
[EventRounds "11"]
[EventCountry "FRA"]
[SourceTitle "EXT 2025"]
[Source "ChessBase"]
[SourceDate "2024.10.14"]
[SourceVersion "1"]
[SourceVersionDate "2024.10.14"]
[SourceQuality "1"]

1. e4 e5 2. Nf3 Nc6 3. Bc4 Nf6 4. Ng5 d5 5. exd5 Na5 6. Bb5+ c6 7. dxc6 bxc6 8. Bd3 h6 9. Ne4 Nb7 10. Nbc3 Nd6 11. Nxf6+ Qxf6 12. 0-0 Be7 13. Ne4 Nxe4 14. Bxe4 Bd7 15. d3 0-0 16. Kh1 Rad8 17. f4 exf4 18. Rxf4 Qe5 19. Qf1 Bf6 20. c3 Rfe8 21. Be3 c5 22. d4 cxd4 23. Bxd4 Qg5 24. Rxf6 gxf6 25. Bxf6 Qg4 26. Bf3 Qe6 27. Bxd8 Rxd8 28. Qf2 Bc6 29. Bxc6 Qxc6 30. Rf1 Rd7 31. h3 Qb7 32. b3 Re7 33. c4 Qc7 34. Qf4 Qa5 35. a4 Qc3 36. Rf3 Qe1+ 37. Kh2 Qe6 38. Qg4+ Kf8 39. Qxe6 Rxe6 40. g4 Re2+ 41. Kg3 Kg7 42. Rc3 Re4 43. c5 Re8 44. c6 Rc8 45. c7 Kf6 46. b4 Ke6 47. b5 Kd7 48. Kh4 Rxc7 49. Rxc7+ Kxc7 50. a5 Kd6 51. Kh5 Kc5 52. b6 axb6 53. axb6 Kxb6 54. Kxh6 Kc7 55. Kg7 Kd7 56. Kxf7 1-0

[Event "Orsay Blitz op"]
[Site "Europe Echecs INT"]
[Date "2023.09.17"]
[Round "11"]
[White "Blachon, Pascal"]
[Black "Nguyen, Nguyen Khoi"]
[Result "1-0"]
[WhiteElo "1994"]
[BlackElo "1089"]
[PlyCount "135"]
[EventDate "2023.09.17"]
[EventType "swiss (blitz)"]
[EventRounds "11"]
[EventCountry "FRA"]
[SourceTitle "EXT 2025"]
[Source "ChessBase"]
[SourceDate "2024.10.14"]
[SourceVersion "1"]
[SourceVersionDate "2024.10.14"]
[SourceQuality "1"]

1. e4 c5 2. Nf3 Nc6 3. d4 cxd4 4. Nxd4 Nf6 5. Nc3 e5 6. Ndb5 d6 7. Bg5 a6 8. Na3 b5 9. Nd5 Be7 10. Bxf6 Bxf6 11. c3 Bg5 12. Nc2 Rb8 13. Be2 0-0 14. 0-0 f5 15. exf5 Bxf5 16. Nce3 Be6 17. a4 Bxe3 18. Nxe3 Rf6 19. axb5 axb5 20. Bf3 Bd7 21. Nd5 Rg6 22. Be4 Rh6 23. Qf3 Qh4 24. h3 Rf8 25. Qe3 b4 26. Nxb4 Nxb4 27. cxb4 Rf4 28. Bd5+ Be6 29. Ra8+ Kf7 30. Bxe6+ Rxe6 31. Ra7+ Kg6 32. Qg3+ Qxg3 33. fxg3 Rxf1+ 34. Kxf1 d5 35. b5 Kf5 36. Ra6 Re8 37. b6 Rb8 38. Ke2 d4 39. Kd3 g5 40. b4 h5 41. h4 gxh4 42. gxh4 Kf4 43. Ra7 Rxb6 44. Rf7+ Kg4 45. Ke4 Kxh4 46. Kxe5 d3 47. Rd7 Rxb4 48. Rxd3 Rb5+ 49. Kf4 Rb4+ 50. Kf3 Kg5 51. Kg3 Rg4+ 52. Kh3 Rh4+ 53. Kg3 Ra4 54. Rd5+ Kh6 55. Kh3 Kg6 56. g3 Ra3 57. Rd4 Kg5 58. Rd5+ Kh6 59. Rd4 Kg5 60. Rd5+ Kg6 61. Rd4 Ra5 62. Kh4 Rg5 63. Rd6+ Kf5 64. Rd5+ Kf6 65. Rxg5 Kf7 66. Rxh5 Kg6 67. Ra5 Kf6 68. g4 1-0

[Event "Orsay Blitz op"]
[Site "Europe Echecs INT"]
[Date "2023.09.17"]
[Round "8"]
[White "Ouaki, Mark"]
[Black "Blachon, Pascal"]
[Result "1/2-1/2"]
[WhiteElo "2089"]
[BlackElo "1994"]
[PlyCount "82"]
[EventDate "2023.09.17"]
[EventType "swiss (blitz)"]
[EventRounds "11"]
[EventCountry "FRA"]
[SourceTitle "EXT 2025"]
[Source "ChessBase"]
[SourceDate "2024.10.14"]
[SourceVersion "1"]
[SourceVersionDate "2024.10.14"]
[SourceQuality "1"]

1. e4 d5 2. exd5 c6 3. dxc6 Nxc6 4. Nf3 e5 5. d3 Bc5 6. Be2 Nge7 7. 0-0 0-0 8. Be3 Bb6 9. Nbd2 f5 10. Bxb6 Qxb6 11. Nc4 Qc7 12. Re1 Ng6 13. Bf1 b5 14. Na3 a6 15. d4 e4 16. Ne5 Ncxe5 17. dxe5 Qxe5 18. c4 b4 19. Nc2 a5 20. Qd5+ Qxd5 21. cxd5 Ba6 22. Rad1 Bxf1 23. Kxf1 Rfd8 24. Ne3 Nh4 25. Rd4 g6 26. Red1 Rd7 27. Nc4 Ra6 28. d6 g5 29. Ne5 Rd8 30. d7 Ng6 31. Nxg6 hxg6 32. Rc1 Kf7 33. Rc8 Ke7 34. Rxd8 Kxd8 35. Ke2 Rc6 36. Kd2 Rc7 37. Ke3 Rxd7 38. Rc4 Rc7 39. Rd4+ Rd7 40. Rc4 Rc7 41. Rd4+ Rd7 1/2-1/2

[Event "FRA-ch Rapid"]
[Site "Port Marly"]
[Date "2022.05.29"]
[Round "3"]
[White "Giroyan, Gary"]
[Black "Blachon, Pascal"]
[Result "0-1"]
[WhiteElo "2406"]
[BlackElo "1975"]
[PlyCount "151"]
[EventDate "2022.05.29"]
[EventType "swiss (rapid)"]
[EventRounds "9"]
[EventCountry "FRA"]
[SourceTitle "CBM 208 Extra"]
[Source "ChessBase"]
[SourceDate "2022.07.31"]
[SourceVersion "1"]
[SourceVersionDate "2022.07.31"]
[SourceQuality "1"]

1. e4 e5 2. Nf3 Nc6 3. Bb5 a6 4. Ba4 Nf6 5. Qe2 b5 6. Bb3 Be7 7. c3 0-0 8. 0-0 d6 9. Rd1 Na5 10. Bc2 c5 11. d4 cxd4 12. cxd4 Qc7 13. Nc3 Bg4 14. Bg5 exd4 15. Rxd4 Nc6 16. Rdd1 Ne5 17. Bxf6 Bxf3 18. gxf3 Bxf6 19. Nd5 Qd8 20. Bb3 Rc8 21. a4 Nc4 22. axb5 axb5 23. Bxc4 bxc4 24. Ra6 c3 25. bxc3 Bxc3 26. f4 Re8 27. Qf3 Bb2 28. e5 dxe5 29. Nf6+ Qxf6 30. Rxf6 gxf6 31. Rd7 Rf8 32. fxe5 fxe5 33. Kg2 Bd4 34. Qf5 Rc6 35. f4 Re6 36. Kf1 Ba1 37. Ra7 Bd4 38. Rd7 Ba1 39. Ra7 Bd4 40. Ra4 Kg7 41. fxe5 Bxe5 42. Rg4+ Kh8 43. Rh4 Rf6 44. Rxh7+ Kg8 45. Rh5 Rxf5+ 46. Rxf5 Bxh2 47. Kg2 Bb8 48. Kf3 Kg7 49. Ke4 Re8+ 50. Kf3 f6 51. Rb5 Be5 52. Kg4 Kg6 53. Rb1 Ra8 54. Kf3 Ra4 55. Rb7 Kf5 56. Rb3 Rf4+ 57. Ke3 Rh4 58. Rb7 Rh3+ 59. Ke2 Kg5 60. Rg7+ Kf4 61. Rb7 f5 62. Rb4+ Kg5 63. Rb7 Bd4 64. Rd7 Rh4 65. Kf3 Bf6 66. Rd1 Rh3+ 67. Kg2 Ra3 68. Rd7 Kg4 69. Rf7 Ra2+ 70. Kf1 Bg5 71. Rb7 f4 72. Rb3 f3 73. Kg1 Kg3 74. Rb1 Be3+ 75. Kf1 Rh2 76. Ke1 0-1

[Event "Europe Echecs Blitz Sept op"]
[Site "Europe Echecs INT"]
[Date "2021.09.19"]
[Round "4"]
[White "Blachon, Pascal"]
[Black "Castelli, Marc"]
[Result "1-0"]
[WhiteElo "1969"]
[BlackElo "1191"]
[PlyCount "37"]
[EventDate "2021.09.19"]
[EventType "swiss (blitz)"]
[EventRounds "11"]
[EventCountry "FRA"]
[SourceTitle "CBM 204 Extra"]
[Source "ChessBase"]
[SourceDate "2021.11.30"]
[SourceVersion "1"]
[SourceVersionDate "2021.11.30"]
[SourceQuality "1"]

1. c4 Nf6 2. Nc3 e6 3. b3 c5 4. Bb2 Be7 5. Nf3 0-0 6. g3 Nc6 7. Bg2 Rb8 8. 0-0 b6 9. d4 cxd4 10. Nxd4 Nxd4 11. Qxd4 Bb7 12. Bxb7 Rxb7 13. Rfd1 Bc5 14. Qh4 Qe7 15. Ne4 Nxe4 16. Qxe4 f5 17. Qxb7 g6 18. Rxd7 Qf6 19. Bxf6 1-0

[Event "Tetraktys Concept Mgmt"]
[Site "Europe Echecs INT"]
[Date "2021.06.06"]
[Round "9"]
[White "Javadzadeh, Kenan"]
[Black "Blachon, Pascal"]
[Result "1-0"]
[WhiteElo "1717"]
[BlackElo "1969"]
[PlyCount "39"]
[EventDate "2021.06.06"]
[EventType "swiss (blitz)"]
[EventRounds "11"]
[EventCountry "FRA"]
[SourceTitle "CBM 202 Extra"]
[Source "ChessBase"]
[SourceDate "2021.07.31"]
[SourceVersion "1"]
[SourceVersionDate "2021.07.31"]
[SourceQuality "1"]

1. e4 c5 2. Nf3 d6 3. d4 Nf6 4. Nc3 cxd4 5. Nxd4 g6 6. Be3 Bg7 7. f3 0-0 8. Qd2 Nc6 9. g4 Nxd4 10. Bxd4 Be6 11. 0-0-0 Qa5 12. Kb1 Rfc8 13. h4 Rxc3 14. Qxc3 Qxa2+ 15. Kc1 Bxg4 16. fxg4 e5 17. Be3 Nxg4 18. Bc4 Qa4 19. Rdf1 Rc8 20. Bxf7+ 1-0

[Event "Europe Echecs Blitz May op"]
[Site "Europe Echecs INT"]
[Date "2021.05.09"]
[Round "5"]
[White "Blachon, Pascal"]
[Black "Valdazo, Raphael"]
[Result "1-0"]
[WhiteElo "1969"]
[BlackElo "1713"]
[PlyCount "69"]
[EventDate "2021.05.09"]
[EventType "swiss (blitz)"]
[EventRounds "11"]
[EventCountry "FRA"]
[SourceTitle "CBM 202 Extra"]
[Source "ChessBase"]
[SourceDate "2021.07.31"]
[SourceVersion "1"]
[SourceVersionDate "2021.07.31"]
[SourceQuality "1"]

1. e4 e5 2. Nf3 Nc6 3. Bc4 Nd4 4. c3 Nxf3+ 5. Qxf3 Nf6 6. 0-0 c6 7. d4 b5 8. Bb3 d6 9. h3 Be7 10. Rd1 exd4 11. cxd4 0-0 12. e5 dxe5 13. dxe5 Nd7 14. Bf4 Qb6 15. Nd2 Nc5 16. Bc2 Bb7 17. Qh5 g6 18. Qg4 Rad8 19. Nf3 Bc8 20. Qg3 Rxd1+ 21. Rxd1 Ne6 22. Be3 Bc5 23. Bh6 Re8 24. Bb3 Nd4 25. Nxd4 Bxd4 26. Bf4 c5 27. Bd5 Bxb2 28. Qb3 c4 29. Qxb2 a6 30. Qe2 Bf5 31. g4 Bd3 32. Qf3 Rc8 33. Be3 Qa5 34. Qxf7+ Kh8 35. Bd4 1-0

[Event "Europe Echecs Blitz May op"]
[Site "Europe Echecs INT"]
[Date "2021.05.09"]
[Round "11"]
[White "Perolini, Cedric"]
[Black "Blachon, Pascal"]
[Result "0-1"]
[WhiteElo "1706"]
[BlackElo "1969"]
[PlyCount "80"]
[EventDate "2021.05.09"]
[EventType "swiss (blitz)"]
[EventRounds "11"]
[EventCountry "FRA"]
[SourceTitle "CBM 202 Extra"]
[Source "ChessBase"]
[SourceDate "2021.07.31"]
[SourceVersion "1"]
[SourceVersionDate "2021.07.31"]
[SourceQuality "1"]

1. e4 c5 2. d4 cxd4 3. Nf3 Nc6 4. Nxd4 d6 5. Nc3 Nf6 6. Bg5 e6 7. Bc4 Bd7 8. 0-0 a6 9. a4 Rc8 10. f3 Nxd4 11. Qxd4 d5 12. Bxf6 gxf6 13. Qd2 Rxc4 14. exd5 Qb6+ 15. Kh1 Qxb2 16. dxe6 Bxe6 17. Ne4 Be7 18. Qh6 Rxc2 19. Rab1 Qe5 20. Rxb7 f5 21. Ng5 Qf6 22. Qxf6 Bxf6 23. Nxe6 fxe6 24. Re1 Rc6 25. Rd1 0-0 26. g3 Rf7 27. Rb8+ Kg7 28. Kg2 Rc4 29. a5 Rc5 30. Rd6 Rxa5 31. Ra8 e5 32. Rc6 e4 33. f4 Ra2+ 34. Kh3 e3 35. Rcc8 e2 36. Rg8+ Kh6 37. Rge8 Re7 38. Rxe7 Bxe7 39. Re8 e1Q 40. g4 Qe3# 0-1

[Event "C'Chartres Blitz op April"]
[Site "Europe Echecs INT"]
[Date "2021.04.10"]
[Round "10"]
[White "Blachon, Pascal"]
[Black "Caubin, Frederic"]
[Result "1-0"]
[WhiteElo "1969"]
[BlackElo "1781"]
[PlyCount "43"]
[EventDate "2021.04.10"]
[EventType "swiss (blitz)"]
[EventRounds "11"]
[EventCountry "FRA"]
[SourceTitle "CBM 201 Extra"]
[Source "ChessBase"]
[SourceDate "2021.05.31"]
[SourceVersion "1"]
[SourceVersionDate "2021.05.31"]
[SourceQuality "1"]

1. e4 e6 2. Nf3 d5 3. e5 c5 4. b4 c4 5. a3 Nd7 6. d3 Ne7 7. dxc4 dxc4 8. Bxc4 Nc6 9. Bf4 a6 10. 0-0 Be7 11. Qe2 0-0 12. Nc3 Qc7 13. Bd3 Nxb4 14. axb4 Qxc3 15. Qe4 g6 16. Rab1 Rd8 17. Rfe1 Nb6 18. Bg5 Bxg5 19. Nxg5 h6 20. Nxf7 Kxf7 21. Qxg6+ Ke7 22. Qg7+ 1-0

[Event "C'Chartres Blitz op April"]
[Site "Europe Echecs INT"]
[Date "2021.04.10"]
[Round "8"]
[White "Blachon, Pascal"]
[Black "Delfosse, Jean Michel"]
[Result "1-0"]
[WhiteElo "1969"]
[BlackElo "1727"]
[PlyCount "61"]
[EventDate "2021.04.10"]
[EventType "swiss (blitz)"]
[EventRounds "11"]
[EventCountry "FRA"]
[SourceTitle "CBM 201 Extra"]
[Source "ChessBase"]
[SourceDate "2021.05.31"]
[SourceVersion "1"]
[SourceVersionDate "2021.05.31"]
[SourceQuality "1"]

1. e4 c5 2. g3 d6 3. Bg2 Nc6 4. Ne2 Nf6 5. c3 g6 6. d4 cxd4 7. cxd4 Bg7 8. 0-0 0-0 9. Nbc3 Bg4 10. h3 Bxe2 11. Nxe2 e6 12. Nc3 a6 13. Be3 Ne7 14. Qd2 d5 15. e5 Ne8 16. Rac1 Rc8 17. Rc2 Nf5 18. Bg5 Qb6 19. Rd1 h6 20. Bf4 g5 21. Be3 Nxe3 22. Qxe3 Nc7 23. Rdc1 Nb5 24. Nxd5 Qxd4 25. Ne7+ Kh7 26. Rxc8 Qxe3 27. fxe3 Rxc8 28. Rxc8 Bxe5 29. a4 Nd6 30. Rc2 Nf5 31. Nxf5 1-0

[Event "C'Chartres Blitz op April"]
[Site "Europe Echecs INT"]
[Date "2021.04.10"]
[Round "11"]
[White "Bykhovsky, Avigdor"]
[Black "Blachon, Pascal"]
[Result "1-0"]
[WhiteElo "2398"]
[BlackElo "1969"]
[PlyCount "95"]
[EventDate "2021.04.10"]
[EventType "swiss (blitz)"]
[EventRounds "11"]
[EventCountry "FRA"]
[SourceTitle "CBM 201 Extra"]
[Source "ChessBase"]
[SourceDate "2021.05.31"]
[SourceVersion "1"]
[SourceVersionDate "2021.05.31"]
[SourceQuality "1"]

1. d4 Nf6 2. c4 g6 3. f3 Bg7 4. e4 d6 5. Nc3 a6 6. Be3 0-0 7. Qd2 c6 8. Bd3 Nbd7 9. a4 e5 10. d5 cxd5 11. cxd5 Nc5 12. Bc2 a5 13. Nge2 b6 14. Nb5 Ba6 15. Nec3 Ne8 16. 0-0 Nc7 17. Rfe1 Bxb5 18. axb5 Re8 19. Qe2 Qd7 20. Bd3 Qe7 21. Ra3 Qf8 22. Rea1 Bh6 23. Na4 Bxe3+ 24. Qxe3 Nxa4 25. Rxa4 Rab8 26. Rc1 Re7 27. Rc6 Na8 28. Rac4 Rd7 29. Qc1 Kg7 30. Qc3 Qe7 31. f4 f6 32. fxe5 fxe5 33. Qc1 Qf6 34. Rc8 Rd8 35. Rxb8 Rxb8 36. Rc8 Rxc8 37. Qxc8 Qg5 38. Kf1 Qe3 39. Be2 Qxe4 40. Qxa8 Qb1+ 41. Kf2 Qxb2 42. Qb7+ Kh6 43. Qxb6 a4 44. Qxd6 a3 45. Qf8+ Kg5 46. Qe7+ Kh6 47. h4 a2 48. Qf8# 1-0

[Event "Cappelle Online Rapid op"]
[Site "Europe Echecs INT"]
[Date "2021.03.06"]
[Round "8"]
[White "Blachon, Pascal"]
[Black "Godon, Philippe"]
[Result "1-0"]
[WhiteElo "1969"]
[BlackElo "1818"]
[PlyCount "97"]
[EventDate "2021.03.06"]
[EventType "swiss (rapid)"]
[EventRounds "9"]
[EventCountry "FRA"]
[SourceTitle "CBM 201 Extra"]
[Source "ChessBase"]
[SourceDate "2021.05.31"]
[SourceVersion "1"]
[SourceVersionDate "2021.05.31"]
[SourceQuality "1"]

1. e4 c5 2. g3 d5 3. exd5 Qxd5 4. Nf3 Bg4 5. Bg2 Qe6+ 6. Kf1 Bh3 7. d3 Nc6 8. Nc3 Nf6 9. Ng5 Bxg2+ 10. Kxg2 Qd7 11. Bf4 e6 12. Re1 h6 13. Nf3 g5 14. Be5 Bg7 15. Ne4 Nxe5 16. Nxe5 Qd5 17. Nc4 Nxe4 18. Ne3 Nxf2+ 19. Nxd5 Nxd1 20. Nc7+ Kd7 21. Nxa8 Rxa8 22. Rexd1 b6 23. c3 Kc6 24. Rd2 Rd8 25. a4 c4 26. Rad1 cxd3 27. Rxd3 Rxd3 28. Rxd3 f5 29. Rd8 Be5 30. Ra8 a5 31. Rc8+ Kd7 32. Rg8 f4 33. Kf3 fxg3 34. hxg3 Kc6 35. Rg6 Kd5 36. Rxh6 Bd6 37. Rg6 Be7 38. b3 Ke5 39. Rg7 Kf6 40. Rh7 Bd6 41. g4 Be5 42. c4 Bd4 43. Ke4 e5 44. Rh1 Ke6 45. Rf1 Bc5 46. Rf5 Bd4 47. Rxg5 Kf6 48. Rf5+ Ke6 49. g5 1-0

[Event "Ville d'Orsay online Blitz"]
[Site "Europe Echecs INT"]
[Date "2021.02.07"]
[Round "4"]
[White "Blachon, Pascal"]
[Black "Boutros, Milan"]
[Result "1-0"]
[WhiteElo "1969"]
[BlackElo "1430"]
[PlyCount "165"]
[EventDate "2021.02.07"]
[EventType "swiss (blitz)"]
[EventRounds "11"]
[EventCountry "FRA"]
[SourceTitle "CBM 200 Extra"]
[Source "ChessBase"]
[SourceDate "2021.03.31"]
[SourceVersion "1"]
[SourceVersionDate "2021.03.31"]
[SourceQuality "1"]

1. e4 c5 2. g3 d6 3. Bg2 Nf6 4. Ne2 Nc6 5. 0-0 Bg4 6. h3 Bxe2 7. Qxe2 Nd4 8. Qd1 e5 9. c3 Nc6 10. d3 Be7 11. Nd2 0-0 12. f4 exf4 13. gxf4 Nd7 14. Nf3 f5 15. Ng5 Bxg5 16. fxg5 fxe4 17. Qb3+ Kh8 18. Bxe4 Rxf1+ 19. Kxf1 Nb6 20. Kg1 d5 21. Bg2 Qd6 22. Qc2 Re8 23. Qf2 c4 24. d4 Nd7 25. Bf4 Qg6 26. Bxd5 Ne7 27. Bg2 Rf8 28. Qd2 Nf5 29. Re1 Nb6 30. d5 Nh4 31. Be4 Qh5 32. Rf1 Nd7 33. Qf2 h6 34. Qg3 Nf5 35. Bxf5 Rxf5 36. gxh6 gxh6 37. Qg4 Qxg4+ 38. hxg4 Rxd5 39. Bxh6 Kh7 40. Bf4 Nf6 41. g5 Nh5 42. Be3 Rd7 43. Bxa7 Kg6 44. Be3 Ng3 45. Rf6+ Kh5 46. Kg2 Ne4 47. Rb6 Nxg5 48. Bxg5 Kxg5 49. Kf3 Kf5 50. Ke3 Rd3+ 51. Ke2 Rd7 52. Rb4 Rc7 53. a4 Ke6 54. Ke3 Kd5 55. Rb5+ Kc6 56. Kd4 Kd6 57. Rd5+ Ke6 58. Rc5 Rd7+ 59. Kxc4 Rd2 60. b4 Rg2 61. Kb5 Kd6 62. Kb6 Rg7 63. a5 Re7 64. a6 bxa6 65. Kxa6 Re8 66. Kb5 Rb8+ 67. Kc4 Re8 68. Rd5+ Kc6 69. Rd4 Re5 70. Rh4 Re6 71. b5+ Kb6 72. Kb4 Re1 73. Rh6+ Kc7 74. Kc5 Re5+ 75. Kb4 Re1 76. c4 Re4 77. Rc6+ Kb7 78. Rg6 Rf4 79. b6 Rf1 80. Kb5 Rb1+ 81. Kc5 Rf1 82. Rg7+ Ka6 83. Ra7# 1-0

[Event "Ville d'Orsay online Blitz"]
[Site "Europe Echecs INT"]
[Date "2021.02.07"]
[Round "10"]
[White "Lebret, Loriane"]
[Black "Blachon, Pascal"]
[Result "0-1"]
[WhiteElo "1693"]
[BlackElo "1969"]
[PlyCount "48"]
[EventDate "2021.02.07"]
[EventType "swiss (blitz)"]
[EventRounds "11"]
[EventCountry "FRA"]
[SourceTitle "CBM 200 Extra"]
[Source "ChessBase"]
[SourceDate "2021.03.31"]
[SourceVersion "1"]
[SourceVersionDate "2021.03.31"]
[SourceQuality "1"]

1. e4 d5 2. exd5 c6 3. Nf3 cxd5 4. Bb5+ Bd7 5. Bxd7+ Nxd7 6. Nc3 Ngf6 7. 0-0 e6 8. d3 Be7 9. Bf4 0-0 10. Nb5 a6 11. Nbd4 Rc8 12. c3 Qb6 13. Rb1 Rfe8 14. Re1 Bf8 15. Qa4 g6 16. Bg5 Bg7 17. Bxf6 Nxf6 18. Ne5 Qc7 19. Re2 Re7 20. Rbe1 Rce8 21. Qb4 Nh5 22. f4 Nxf4 23. Rf2 Bxe5 24. Nf3 Nxd3 0-1